[Event "SUR-ch"]
[Site "Paramaribo"]
[Date "2015.03.22"]
[Round "2"]
[White "Sanches, Casanova Romario"]
[Black "Prade, Cedric"]
[Result "1-0"]
[WhiteElo "2089"]
[BlackElo "1756"]
[PlyCount "43"]
[EventDate "2015.03.20"]
[EventType "tourn"]
[EventRounds "13"]
[EventCountry "SUR"]
[SourceTitle "EXT 2018"]
[Source "ChessBase"]
[SourceDate "2017.10.13"]
[SourceVersion "1"]
[SourceVersionDate "2017.10.13"]
[SourceQuality "1"]

1. d4 Nf6 2. c4 g6 3. Nc3 Bg7 4. e4 d6 5. f3 0-0 6. Be3 e5 7. d5 Nh5 8. g4 Nf4 9. Qd2 f5 10. gxf5 gxf5 11. 0-0-0 Bd7 12. c5 a5 13. Nge2 Qe7 14. Nxf4 exf4 15. Bxf4 dxc5 16. d6 cxd6 17. Bxd6 Qh4 18. Bxf8 Kxf8 19. Qd6+ Kg8 20. Bc4+ Kh8 21. Qd5 Bh6+ 22. Kb1 1-0

[Event "South America School-ch"]
[Site "Aracaju"]
[Date "2014.12.09"]
[Round "7.1"]
[White "Prade, Cedric"]
[Black "Benitez Galeano, Alejandro"]
[Result "0-1"]
[WhiteElo "1756"]
[BlackElo "1674"]
[PlyCount "70"]
[EventDate "2014.12.06"]
[EventType "team-swiss"]
[EventRounds "7"]
[EventCountry "BRA"]
[SourceTitle "EXT 2016"]
[Source "ChessBase"]
[SourceDate "2015.10.08"]
[SourceVersion "1"]
[SourceVersionDate "2015.10.08"]
[SourceQuality "1"]
[WhiteTeam "Surinam"]
[BlackTeam "Paraguay"]
[WhiteTeamCountry "SUR"]
[BlackTeamCountry "PAR"]

1. d4 Nf6 2. g3 c5 3. dxc5 e6 4. Bg2 Bxc5 5. Nf3 0-0 6. 0-0 Nc6 7. Bg5 h6 8. Bf4 Qb6 9. Qc1 Ng4 10. e3 e5 11. b4 Qxb4 12. h3 exf4 13. hxg4 fxe3 14. fxe3 Qxg4 15. Kh2 Re8 16. Nd4 Nxd4 17. exd4 Bxd4 18. Rf4 Qh5+ 19. Rh4 Qc5 20. c3 Bf6 21. Rb4 d5 22. Qd2 Be6 23. Rxb7 Rab8 24. Rb3 d4 25. Rxb8 Rxb8 26. Qf4 Qh5+ 27. Kg1 Qd1+ 28. Kh2 Rxb1 29. Rxb1 Qxb1 30. Be4 Qb2+ 31. Kg1 Qa1+ 32. Kh2 Qb2+ 33. Kg1 dxc3 34. Bd3 c2 35. Qe4 c1Q+ 0-1

[Event "South America School-ch"]
[Site "Aracaju"]
[Date "2014.12.08"]
[Round "6.1"]
[White "Quinonez Garcia, Santiago"]
[Black "Prade, Cedric"]
[Result "1-0"]
[WhiteElo "2036"]
[BlackElo "1756"]
[PlyCount "37"]
[EventDate "2014.12.06"]
[EventType "team-swiss"]
[EventRounds "7"]
[EventCountry "BRA"]
[SourceTitle "EXT 2016"]
[Source "ChessBase"]
[SourceDate "2015.10.08"]
[SourceVersion "1"]
[SourceVersionDate "2015.10.08"]
[SourceQuality "1"]
[WhiteTeam "Colombia"]
[BlackTeam "Surinam"]
[WhiteTeamCountry "COL"]
[BlackTeamCountry "SUR"]

1. e4 c5 2. Nf3 e6 3. c3 Nc6 4. d4 cxd4 5. cxd4 Nf6 6. e5 Nd5 7. Bc4 d6 8. 0-0 Be7 9. Qe2 0-0 10. Rd1 Qc7 11. Bd2 Qb6 12. Nc3 Nxd4 13. Nxd4 Qxd4 14. Bxd5 exd5 15. Bg5 Qxe5 16. Qxe5 dxe5 17. Bxe7 Re8 18. Rxd5 Rb8 19. Bd6 1-0

[Event "SUR-ch"]
[Site "Paramaribo"]
[Date "2014.03.15"]
[Round "12"]
[White "Prade, Cedric"]
[Black "Hanoeman, Suradj"]
[Result "1/2-1/2"]
[WhiteElo "1601"]
[BlackElo "2030"]
[PlyCount "105"]
[EventDate "2014.02.16"]
[EventType "tourn"]
[EventRounds "13"]
[EventCountry "SUR"]
[SourceTitle "EXT 2018"]
[Source "ChessBase"]
[SourceDate "2017.10.13"]
[SourceVersion "1"]
[SourceVersionDate "2017.10.13"]
[SourceQuality "1"]

1. d4 Nf6 2. c4 e6 3. Bf4 b6 4. Nf3 Bb7 5. e3 Be7 6. Bd3 0-0 7. h3 d6 8. 0-0 Ne4 9. Qc2 f5 10. Nbd2 Nxd2 11. Nxd2 Nd7 12. Bh2 Qe8 13. e4 f4 14. e5 Qh5 15. exd6 Bxd6 16. Be4 Bxe4 17. Qxe4 Rae8 18. Rfe1 e5 19. Qd5+ Kh8 20. Ne4 Qg6 21. Nxd6 Qxd6 22. Qxd6 cxd6 23. dxe5 dxe5 24. f3 Rf7 25. Kf1 g5 26. Bg1 Kg7 27. Rad1 Re6 28. Rd2 Kf6 29. Red1 Nb8 30. Rd6 Rc7 31. Rxe6+ Kxe6 32. Rd8 Nd7 33. b3 h5 34. Rh8 Nf6 35. Rd8 g4 36. Bf2 e4 37. Bh4 gxf3 38. gxf3 e3 39. Bxf6 Kxf6 40. h4 Rg7 41. Rd4 Ke5 42. Rd5+ Ke6 43. Rd4 Rf7 44. Rd5 Rf5 45. Rxf5 Kxf5 46. Ke2 a5 47. a3 Ke6 48. Kd3 Kd7 49. b4 Kc6 50. Kc3 Kc7 51. Kd3 Kc6 52. Kc3 Kc7 53. Kd3 1/2-1/2

[Event "SUR-ch"]
[Site "Paramaribo"]
[Date "2014.03.04"]
[Round "7"]
[White "Prade, Cedric"]
[Black "Adhin, Anviti"]
[Result "1-0"]
[WhiteElo "1601"]
[BlackElo "1553"]
[PlyCount "103"]
[EventDate "2014.02.16"]
[EventType "tourn"]
[EventRounds "13"]
[EventCountry "SUR"]
[SourceTitle "EXT 2018"]
[Source "ChessBase"]
[SourceDate "2017.10.13"]
[SourceVersion "1"]
[SourceVersionDate "2017.10.13"]
[SourceQuality "1"]

1. c4 e6 2. Nc3 d5 3. cxd5 exd5 4. d4 Nf6 5. Bg5 Be7 6. e3 Bf5 7. Bxf6 Bxf6 8. Qb3 Be6 9. Qxb7 Nd7 10. Nxd5 Bxd5 11. Qxd5 0-0 12. Bb5 Nb6 13. Qxd8 Rfxd8 14. Nf3 c5 15. Rd1 cxd4 16. Nxd4 Rd6 17. 0-0 Rad8 18. Rfe1 h6 19. g3 Bxd4 20. exd4 Rxd4 21. Rxd4 Rxd4 22. Re8+ Kh7 23. Re7 Rb4 24. Bd3+ g6 25. Rxf7+ Kg8 26. Rxa7 Rxb2 27. Bxg6 Rd2 28. a4 Rd6 29. Be4 Rd4 30. Bc2 Kf8 31. a5 Nc4 32. Ra8+ Ke7 33. Bb3 Na3 34. a6 Rb4 35. Rh8 Nb5 36. Bc2 Kd7 37. Rh7+ Kc8 38. a7 Nxa7 39. Rxa7 Rb2 40. Bf5+ Kd8 41. Ra6 h5 42. Rh6 Ke7 43. Rxh5 Kf6 44. h4 Rb8 45. g4 Rg8 46. f4 Rd8 47. Rh6+ Kg7 48. g5 Rd4 49. Rh7+ Kg8 50. g6 Rxf4 51. Be6+ Kf8 52. g7+ 1-0